Statistics for Bandwagon Quiz - Los Angeles Angels

Click here to take the quiz!

General Stats

  • This quiz has been taken 6 times
  • The average score is 11 of 20

Answer Stats

HintAnswer% Correct
How many World Series titles do the Angels have?1
100%
The Angels light up a giant statue of what letter after wins?A
100%
Despite being called the "Los Angeles" Angels, they actually play in which city?Anaheim
100%
What Angels player has won the MVP award for the Angels three times?Mike Trout
100%
Who is the current manager of the Angels?Ron Washington
100%
What 1994 Disney movie is based on a kid who is a massive fan of the Angels?Angels in the Outfield
83%
What is the name of the ballpark where the Angels play?Angel Stadium
83%
What animal appears on the jumbotron during Angels games to spark rallies?Monkey
83%
Who leads the Angels in all-time strikeouts?Nolan Ryan
50%
What is the name of the Angels' Triple-A affiliate?Salt Lake Bees
50%
Who is the only player to be in the Baseball Hall of Fame as an Angel?Vladimir Guerrero
50%
Who currently owns the Angels?Arte Moreno
33%
Who leads the Angels in all-time hits?Garret Anderson
33%
What song by the House of Pain does the above animal dance to?Jump Around
33%
Who was the World Series MVP for the Angels in 2002?Troy Glaus
33%
What pitcher won the Cy Young award as an Angel in 2005?Bartolo Colon
17%
Who leads the Angels in all-time wins?Chuck Finley
17%
What popular Kid Cudi song is used as the Angels' home run song?Pursuit of Happiness
17%
What is the name given to the rock formations and features in the outfield of the Angels' ballpark?California Spectacular
0%
What do Angels fans say to "Win One For", inspired by their original owner Gene Autry?Cowboy
0%

Score Distribution

Percentile by Number Answered

Percent of People with Each Score

Your Score History

You have not taken this quiz